[Event "Gibraltar Amateurs A"]
[Site "Gibraltar"]
[Date "2019.01.24"]
[Round "4.37"]
[White "Naldrett, Geoffrey"]
[Black "Kumar, Deepak"]
[Result "0-1"]
[WhiteElo "1557"]
[BlackElo "1590"]
[PlyCount "116"]
[EventDate "2019.01.21"]
[EventType "swiss"]
[EventRounds "5"]
[EventCountry "GGB"]

1. c4 c5 2. Nc3 Nc6 3. Nf3 e5 4. d3 Nf6 5. g3 Be7 6. Bg2 d6 7. h3 h6 8. O-O Be6
9. e4 Qd7 10. Kh2 g5 11. Ng1 O-O-O 12. Nge2 Rdg8 13. Nd5 h5 14. Rh1 Bxd5 15.
cxd5 Nd4 16. Nxd4 cxd4 17. Bd2 Kd8 18. Qc1 g4 19. h4 Qb5 20. Qc2 Kd7 21. Qb3
Qxb3 22. axb3 a6 23. Rac1 Rc8 24. b4 Rxc1 25. Rxc1 Rc8 26. f3 Rxc1 27. Bxc1
gxf3 28. Bxf3 Ng4+ 29. Bxg4+ hxg4 30. Kg2 Kc7 31. Kf2 Kb6 32. Bd2 Kb5 33. b3
Kb6 34. h5 Kc7 35. h6 Bf6 36. h7 Kd7 37. Bg5 Bh8 38. Ke2 f6 39. Bh6 Ke7 40. Kd1
b5 41. Ke2 Kf7 42. Kf2 Bg7 43. Bd2 Kg6 44. Kg2 Kxh7 45. Kf2 Kg6 46. Kg2 f5 47.
Kf2 fxe4 48. dxe4 Bh6 49. Ke2 Bxd2 50. Kxd2 Kf6 51. Kd3 Ke7 52. Kd2 Kd7 53. Kd3
Kc7 54. Kc2 Kb6 55. Kd3 a5 56. bxa5+ Kxa5 57. Kd2 Kb4 58. Kc2 Ka3 0-1

[Event "Gibraltar Amateurs A"]
[Site "Gibraltar"]
[Date "2019.01.24"]
[Round "4.38"]
[White "Bullock, Lee"]
[Black "Apps, Ian"]
[Result "1-0"]
[WhiteElo "1524"]
[BlackElo "1312"]
[PlyCount "33"]
[EventDate "2019.01.21"]
[EventType "swiss"]
[EventRounds "5"]
[EventCountry "GGB"]

1. d4 Nf6 2. Bf4 d6 3. e3 g6 4. Bd3 Bg7 5. Nf3 O-O 6. c3 Nh5 7. Bg3 Nxg3 8.
hxg3 Nd7 9. Nbd2 Nf6 10. Qc2 Bd7 11. O-O-O Be6 12. Rh4 Ng4 13. Ne4 f5 14. Neg5
Qd7 15. Nxh7 Bf6 16. Nxf8 Bxh4 17. Nxd7 1-0

[Event "Gibraltar Amateurs A"]
[Site "Gibraltar"]
[Date "2019.01.25"]
[Round "5.1"]
[White "Mircov, Nicola-Alexandar"]
[Black "Sahil, Dhawan"]
[Result "1/2-1/2"]
[WhiteElo "1797"]
[BlackElo "1843"]
[PlyCount "35"]
[EventDate "2019.01.21"]
[EventType "swiss"]
[EventRounds "5"]
[EventCountry "GGB"]

1. e4 c5 2. Nf3 e6 3. d4 cxd4 4. Nxd4 a6 5. Bd3 Nf6 6. O-O Qc7 7. Qe2 d6 8. c4
Be7 9. Nc3 O-O 10. Kh1 Nbd7 11. f4 b6 12. Be3 Bb7 13. Bg1 Rac8 14. Rae1 Nc5 15.
Bb1 g6 16. f5 e5 17. Nd5 Bxd5 18. exd5 1/2-1/2

[Event "Gibraltar Amateurs A"]
[Site "Gibraltar"]
[Date "2019.01.25"]
[Round "5.2"]
[White "Lane, Ryan"]
[Black "Teh, Wee Zhun"]
[Result "0-1"]
[WhiteElo "1851"]
[BlackElo "1818"]
[PlyCount "140"]
[EventDate "2019.01.21"]
[EventType "swiss"]
[EventRounds "5"]
[EventCountry "GGB"]

1. e4 d5 2. exd5 Qxd5 3. Nc3 Qd6 4. d4 Nf6 5. Nf3 c6 6. g3 Bf5 7. Bg2 h6 8. O-O
e6 9. Bf4 Qd8 10. Qd2 Be7 11. Rfe1 Nbd7 12. Rad1 O-O 13. Ne5 Nd5 14. Nxd5 cxd5
15. Nxd7 Qxd7 16. c3 Rfc8 17. Qe2 b5 18. Rc1 a5 19. g4 Bh7 20. Bg3 Re8 21. Bf1
b4 22. Qb5 Qa7 23. Red1 Bg5 24. f4 Be7 25. cxb4 axb4 26. f5 Rec8 27. Rc6 Rxc6
28. Qxc6 exf5 29. Qxd5 fxg4 30. Re1 Bf6 31. Be5 Bg5 32. Bg2 Rd8 33. Bf6 Rf8 34.
Re7 Qb8 35. Bxg5 hxg5 36. Qb7 Qd6 37. Qd7 Qf4 38. Re8 g6 39. Rxf8+ Kxf8 40.
Qc8+ Kg7 41. Qc4 Qe3+ 42. Kf1 Qf4+ 43. Ke2 Qxh2 44. Qd5 g3 45. Qe5+ f6 46. Qe7+
Kh6 47. Kf1 Qh4 48. Qxf6 Bg8 49. Qh8+ Bh7 50. Qf8+ Kh5 51. Qf6 Qf4+ 52. Qxf4
gxf4 53. Be4 Kg4 54. Kg2 Bg8 55. d5 Bf7 56. d6 Be8 57. a3 bxa3 58. bxa3 Bd7 59.
Bd5 Kf5 60. Bb7 Ke5 61. Bf3 Kxd6 62. Bd1 Bc6+ 63. Kh3 Ke5 64. a4 Kd4 65. a5 Ke3
66. a6 Kf2 67. a7 g2 68. Bf3 Bxf3 69. a8=Q Bxa8 70. Kh4 g1=Q 0-1

[Event "Gibraltar Amateurs A"]
[Site "Gibraltar"]
[Date "2019.01.25"]
[Round "5.3"]
[White "Omtvedt, Aleksander"]
[Black "Bussmann, John"]
[Result "0-1"]
[WhiteElo "1896"]
[BlackElo "1671"]
[PlyCount "96"]
[EventDate "2019.01.21"]
[EventType "swiss"]
[EventRounds "5"]
[EventCountry "GGB"]

1. d4 Nf6 2. Nf3 g6 3. Bf4 Bg7 4. Nc3 d6 5. Qd2 h5 6. e4 c6 7. a4 Qa5 8. Bd3
Bg4 9. Ng5 e5 10. dxe5 dxe5 11. Be3 Na6 12. h3 Bd7 13. Bxa6 Qxa6 14. Qd6 Rd8
15. Qxe5+ Kf8 16. Qc5+ Kg8 17. Qxa7 Qxa7 18. Bxa7 h4 19. Rd1 Re8 20. O-O Bc8
21. Bd4 Rh5 22. f4 Nd7 23. Bxg7 Kxg7 24. Rd4 f6 25. Nf3 Nc5 26. Nd2 Ne6 27. Rd6
Rc5 28. Nf3 Nxf4 29. Nxh4 g5 30. Nf3 Rxc3 31. bxc3 Rxe4 32. Re1 Rxa4 33. Re7+
Kg6 34. Rc7 Be6 35. Rxb7 Bd5 36. Kf2 Ra2 37. Ne1 Bxg2 38. Nxg2 Rxc2+ 39. Kf1
Nxg2 40. Rxc6 Ne3+ 41. Kg1 Rg2+ 42. Kh1 Rg3 43. c4 Rxh3+ 44. Kg1 Rf3 45. c5 g4
46. Rb2 g3 47. Rb1 g2 48. Re6 Rf1+ 0-1

[Event "Gibraltar Amateurs A"]
[Site "Gibraltar"]
[Date "2019.01.25"]
[Round "5.4"]
[White "Manukonda, Arun"]
[Black "Pink, Joshua"]
[Result "0-1"]
[WhiteElo "1814"]
[BlackElo "1890"]
[PlyCount "114"]
[EventDate "2019.01.21"]
[EventType "swiss"]
[EventRounds "5"]
[EventCountry "GGB"]

1. d4 d5 2. c4 dxc4 3. Nf3 e6 4. e3 Nf6 5. Bxc4 c5 6. O-O a6 7. dxc5 Qxd1 8.
Rxd1 Bxc5 9. Ne5 Nbd7 10. Nd3 b5 11. Nxc5 Nxc5 12. Bf1 Bb7 13. b3 O-O 14. Ba3
Rfc8 15. f3 e5 16. Nd2 e4 17. Rac1 Ne6 18. Kf2 Rxc1 19. Rxc1 Rd8 20. Bb4 h6 21.
Ba5 Rd7 22. a4 Nd8 23. Rc7 Rxc7 24. Bxc7 Ne6 25. Bb6 Nd5 26. Ba7 bxa4 27. bxa4
Nc3 28. a5 f5 29. Bc4 Kf7 30. Nb3 Nb5 31. Bxe6+ Kxe6 32. Nc5+ Kd5 33. Nxb7 Nxa7
34. fxe4+ fxe4 35. Kg3 Kc6 36. Nd8+ Kb5 37. Kf4 Kxa5 38. Kxe4 Kb5 39. Ne6 Kc4
40. Nd4 a5 41. h4 a4 42. g4 a3 43. Nc2 a2 44. g5 h5 45. Na1 Kc3 46. g6 Nb5 47.
Kd5 Kb2 48. Ke6 Nd6 49. Kxd6 Kxa1 50. Ke7 Kb1 51. Kf7 a1=Q 52. Kg8 Kc2 53. e4
Kd3 54. e5 Qxe5 55. Kh8 Ke4 56. Kg8 Kf5 57. Kh7 Qf6 0-1

[Event "Gibraltar Amateurs A"]
[Site "Gibraltar"]
[Date "2019.01.25"]
[Round "5.5"]
[White "Portman, Carl S"]
[Black "Kovacevic, Aleksandar S"]
[Result "1/2-1/2"]
[WhiteElo "1884"]
[BlackElo "1793"]
[PlyCount "37"]
[EventDate "2019.01.21"]
[EventType "swiss"]
[EventRounds "5"]
[EventCountry "GGB"]

1. e4 e6 2. d4 d5 3. Nc3 Bb4 4. exd5 exd5 5. Qf3 Nf6 6. Bg5 h6 7. Bxf6 Qxf6 8.
O-O-O Qxf3 9. Nxf3 Bxc3 10. bxc3 Bg4 11. Re1+ Be6 12. Bd3 O-O 13. Ne5 Nd7 14.
f4 Nxe5 15. Rxe5 c6 16. f5 Bd7 17. Kd2 Rfe8 18. Rhe1 Kf8 19. h3 1/2-1/2

[Event "Gibraltar Amateurs A"]
[Site "Gibraltar"]
[Date "2019.01.25"]
[Round "5.6"]
[White "Anjali, R. Sagar"]
[Black "Gonzalez Pabollet, Jesus Maria S"]
[Result "0-1"]
[WhiteElo "1787"]
[BlackElo "1875"]
[PlyCount "50"]
[EventDate "2019.01.21"]
[EventType "swiss"]
[EventRounds "5"]
[EventCountry "GGB"]

1. e4 d5 2. exd5 Nf6 3. Bb5+ Bd7 4. Bc4 b5 5. Bb3 Bg4 6. f3 Bf5 7. a4 b4 8. Qe2
Nxd5 9. a5 e6 10. d3 Be7 11. Bxd5 Qxd5 12. Nd2 O-O 13. Nc4 Nc6 14. Bf4 Nd4 15.
Qd1 Nxc2+ 16. Qxc2 Bxd3 17. Qd2 Qxc4 18. Rc1 Qb5 19. Rxc7 Rfe8 20. Ne2 e5 21.
Be3 Rac8 22. Rxc8 Rxc8 23. Nc1 Rc2 24. Qd1 Bf5 25. g4 Bh4+ 0-1

[Event "Gibraltar Amateurs A"]
[Site "Gibraltar"]
[Date "2019.01.25"]
[Round "5.7"]
[White "Christophe-Hayot, Romain"]
[Black "Lochte, Szilvia"]
[Result "1-0"]
[WhiteElo "1729"]
[BlackElo "1868"]
[PlyCount "79"]
[EventDate "2019.01.21"]
[EventType "swiss"]
[EventRounds "5"]
[EventCountry "GGB"]

1. d4 d5 2. Nc3 Nf6 3. Bf4 c6 4. Nf3 Bf5 5. g3 h6 6. Bg2 e6 7. O-O Nbd7 8. Re1
Ne4 9. Nd2 Nxd2 10. Qxd2 Nf6 11. e4 dxe4 12. Nxe4 Nxe4 13. Bxe4 Bxe4 14. Rxe4
g5 15. Be3 Qd5 16. Qd3 Bg7 17. c4 Qd7 18. d5 O-O 19. h4 exd5 20. cxd5 f5 21.
Re6 cxd5 22. Rg6 Kh7 23. h5 d4 24. Rd1 Rad8 25. Bd2 Kh8 26. Ba5 b6 27. Bb4 Rf7
28. Rd6 Qc7 29. Re6 Rc8 30. Rde1 Qc2 31. Re8+ Kh7 32. Qa6 Rxe8 33. Rxe8 d3 34.
Rd8 Qxb2 35. Qc4 Qf6 36. Rd6 Qa1+ 37. Kg2 Rf8 38. Rxd3 Re8 39. Rd7 Qe5 40. Bc3
1-0

[Event "Gibraltar Amateurs A"]
[Site "Gibraltar"]
[Date "2019.01.25"]
[Round "5.8"]
[White "Gostelow, David W"]
[Black "Ocana, Jeremy"]
[Result "1-0"]
[WhiteElo "1850"]
[BlackElo "1695"]
[PlyCount "76"]
[EventDate "2019.01.21"]
[EventType "swiss"]
[EventRounds "5"]
[EventCountry "GGB"]

1. d4 d6 2. Bf4 f5 3. Nf3 Nf6 4. e3 h6 5. h3 g5 6. Bh2 Bg7 7. Be2 O-O 8. c4 c5
9. Nc3 Qe8 10. O-O Na6 11. a3 Ne4 12. Nxe4 fxe4 13. Ne1 cxd4 14. exd4 e5 15.
Nc2 Be6 16. dxe5 dxe5 17. b4 Rd8 18. Qc1 Nb8 19. Qe3 Nc6 20. Rad1 Qg6 21. Rfe1
Nd4 22. Rd2 Rf4 23. Bf1 Bf5 24. Kh1 h5 25. Red1 Rf8 26. Nxd4 exd4 27. Rxd4 Bxd4
28. Qxd4 Bxh3 29. Bxf4 Bg4 30. Bd6 Rf6 31. Rd2 e3 32. Qxe3 Rxd6 33. Rxd6 Qxd6
34. Qxg5+ Kf7 35. Qd5+ Qxd5 36. cxd5 Ke7 37. Bc4 Kd6 38. f3 a6 1-0

[Event "Gibraltar Amateurs A"]
[Site "Gibraltar"]
[Date "2019.01.25"]
[Round "5.9"]
[White "Whitworth, John"]
[Black "Carr, Jay"]
[Result "0-1"]
[WhiteElo "1690"]
[BlackElo "1842"]
[PlyCount "76"]
[EventDate "2019.01.21"]
[EventType "swiss"]
[EventRounds "5"]
[EventCountry "GGB"]

1. e4 d5 2. exd5 Nf6 3. d4 Bg4 4. f3 Bf5 5. Bb5+ Nbd7 6. Nc3 a6 7. Ba4 b5 8.
Bb3 Nb6 9. Nge2 Nbxd5 10. Ng3 Bg6 11. O-O e6 12. Bg5 c6 13. Re1 Be7 14. Nce4
O-O 15. Nc5 a5 16. c4 bxc4 17. Bxc4 Bxc5 18. dxc5 Qe7 19. Qd4 Nb4 20. Bb3 Rfd8
21. Qe5 Nd3 22. Qc3 a4 23. Bc2 Nxe1 24. Rxe1 Rd5 25. Be3 Bxc2 26. Qxc2 Qa7 27.
Ne4 Nxe4 28. Qxe4 Rad8 29. Qb4 Rb8 30. Qa3 Qa5 31. Bf2 Qb4 32. Qxb4 Rxb4 33. b3
axb3 34. axb3 Rxb3 35. Ra1 h6 36. h3 Rd2 37. Ra8+ Kh7 38. Rc8 Rb1+ 0-1

[Event "Gibraltar Amateurs A"]
[Site "Gibraltar"]
[Date "2019.01.25"]
[Round "5.10"]
[White "Cordero Infante, Ivan"]
[Black "Olaizola, Miguel"]
[Result "1-0"]
[WhiteElo "1417"]
[BlackElo "1831"]
[PlyCount "75"]
[EventDate "2019.01.21"]
[EventType "swiss"]
[EventRounds "5"]
[EventCountry "GGB"]

1. e4 d5 2. exd5 c6 3. dxc6 Nxc6 4. Nf3 Nf6 5. Nc3 e6 6. Bc4 Na5 7. Bb5+ Bd7 8.
Bxd7+ Qxd7 9. O-O Bd6 10. h3 O-O 11. d3 h6 12. Qe2 a6 13. a3 Rac8 14. Bd2 Nc6
15. Rac1 b5 16. Rfd1 Be7 17. Ne4 Rfd8 18. Bc3 Nd5 19. Be5 f6 20. Bg3 f5 21.
Ned2 f4 22. Bh2 b4 23. Nc4 bxa3 24. bxa3 Nc3 25. Qe1 Nd5 26. Nfe5 Nxe5 27. Nxe5
Qe8 28. c4 Bxa3 29. Rb1 Bb4 30. Rxb4 Nxb4 31. Qxb4 Qh5 32. Re1 Qf5 33. Qb7 Rb8
34. Qc7 Rdc8 35. Qd6 Rd8 36. Qc5 Rbc8 37. Qb4 g5 38. Ng4 1-0

[Event "Gibraltar Amateurs A"]
[Site "Gibraltar"]
[Date "2019.01.25"]
[Round "5.11"]
[White "Bryant, Richard B E"]
[Black "Guardia Bencomo, Tomas"]
[Result "1-0"]
[WhiteElo "1862"]
[BlackElo "1664"]
[PlyCount "85"]
[EventDate "2019.01.21"]
[EventType "swiss"]
[EventRounds "5"]
[EventCountry "GGB"]

1. e4 c5 2. Nc3 Nc6 3. f4 d6 4. Nf3 g6 5. Bb5 Bg7 6. O-O Nf6 7. Bxc6+ bxc6 8.
d3 O-O 9. Qe1 Be6 10. Qh4 Qc8 11. Ng5 Bd7 12. h3 h6 13. Nf3 Qc7 14. f5 g5 15.
Qg3 Nh5 16. Qe1 e5 17. h4 f6 18. Nh2 Be8 19. hxg5 hxg5 20. Ng4 Kf7 21. a4 Rh8
22. a5 a6 23. g3 Ke7 24. Na4 Bf7 25. Nb6 Rad8 26. Be3 Rh7 27. Kg2 Rdh8 28. b4
Bf8 29. bxc5 d5 30. exd5 Bxd5+ 31. Nxd5+ cxd5 32. d4 e4 33. Rb1 Nxg3 34. Qxg3
Qxg3+ 35. Kxg3 Rh3+ 36. Kf2 R8h4 37. Rg1 Rf3+ 38. Ke2 Rxf5 39. Rb6 Rh3 40. Rxa6
Rff3 41. Rb6 f5 42. Bxg5+ Kd7 43. Ne5+ 1-0

[Event "Gibraltar Amateurs A"]
[Site "Gibraltar"]
[Date "2019.01.25"]
[Round "5.12"]
[White "Garcia-Blazquez Perez, Manuel"]
[Black "Towers, Brian"]
[Result "1/2-1/2"]
[WhiteElo "1849"]
[BlackElo "1710"]
[PlyCount "83"]
[EventDate "2019.01.21"]
[EventType "swiss"]
[EventRounds "5"]
[EventCountry "GGB"]

1. d4 e6 2. Nf3 f5 3. g3 Nf6 4. Bg2 Be7 5. O-O O-O 6. c4 d6 7. Nbd2 Ne4 8. Qc2
Nxd2 9. Nxd2 Nc6 10. d5 Nb4 11. Qb1 e5 12. e4 f4 13. a3 Na6 14. b4 g5 15. f3
Qe8 16. g4 Bd7 17. h3 Rc8 18. Kf2 b5 19. Qa2 c5 20. dxc6 Be6 21. Bb2 Qxc6 22.
Rfc1 bxc4 23. Bf1 d5 24. exd5 Bxd5 25. Bxc4 Bxc4 26. Rxc4 Qb6+ 27. Bd4 exd4 28.
Rc6+ Kg7 29. Rxb6 axb6 30. Re1 Bf6 31. Ne4 d3 32. Qd5 Rc2+ 33. Kg1 Rd8 34. Qb7+
Nc7 35. Rd1 Bd4+ 36. Kf1 Be3 37. h4 gxh4 38. Ng5 Rf2+ 39. Ke1 Re2+ 40. Kf1 Rf2+
41. Ke1 Re2+ 42. Kf1 1/2-1/2

[Event "Gibraltar Amateurs A"]
[Site "Gibraltar"]
[Date "2019.01.25"]
[Round "5.13"]
[White "Khoo-Thwe, Louis"]
[Black "Sharma, Pankaj"]
[Result "1/2-1/2"]
[WhiteElo "1617"]
[BlackElo "1809"]
[PlyCount "105"]
[EventDate "2019.01.21"]
[EventType "swiss"]
[EventRounds "5"]
[EventCountry "GGB"]

1. e4 c5 2. Nf3 d6 3. d4 cxd4 4. Nxd4 Nf6 5. Nc3 a6 6. Bg5 e6 7. Be2 Be7 8. O-O
O-O 9. Kh1 Qc7 10. f4 h6 11. Bxf6 Bxf6 12. f5 Nc6 13. Nxc6 bxc6 14. Bd3 d5 15.
fxe6 Bxe6 16. exd5 cxd5 17. Qh5 Qe5 18. Qf3 Qg5 19. Rae1 Rab8 20. Rb1 a5 21.
Nb5 Bg4 22. Qf4 Qh5 23. h3 Be2 24. Bxe2 Qxe2 25. Nd4 Qc4 26. Nf5 Bxb2 27. Ne7+
Kh7 28. Qf5+ g6 29. Qxd5 Qxd5 30. Nxd5 Kg7 31. Ne7 a4 32. Nc6 Rb6 33. Ne5 Rb7
34. Nd3 a3 35. Rf2 Rc8 36. g3 Rcc7 37. Kg2 f5 38. h4 Rc3 39. h5 g5 40. Rxf5
Rxc2+ 41. Rf2 Rxf2+ 42. Nxf2 Rc7 43. Ng4 Rd7 44. Kh2 Rd6 45. Kg2 Kg8 46. Kh3
Kg7 47. Kg2 Kf7 48. Kh3 Kf8 49. Ne3 Re6 50. Ng4 Rd6 51. Ne3 Re6 52. Ng4 Rd6 53.
Ne3 1/2-1/2

[Event "Gibraltar Amateurs A"]
[Site "Gibraltar"]
[Date "2019.01.25"]
[Round "5.14"]
[White "Arias Diaz, Miguel Angel"]
[Black "Bauer, Dieter"]
[Result "1/2-1/2"]
[WhiteElo "1421"]
[BlackElo "1714"]
[PlyCount "103"]
[EventDate "2019.01.21"]
[EventType "swiss"]
[EventRounds "5"]
[EventCountry "GGB"]

1. e4 d6 2. d4 Nf6 3. Nc3 e5 4. dxe5 dxe5 5. Qxd8+ Kxd8 6. Nf3 Bd6 7. Bg5 Be6
8. Bd3 c6 9. O-O-O Kc7 10. Kb1 Ng4 11. Rhf1 f6 12. Bh4 Bb4 13. Ne2 Nd7 14. h3
Nh6 15. a3 Be7 16. Nc3 Rhe8 17. Nd2 Nb6 18. f3 Nf7 19. Bf2 Nd6 20. Rfe1 Ndc4
21. Bxc4 Nxc4 22. Nxc4 Bxc4 23. Rd2 b6 24. Red1 Rad8 25. Rxd8 Rxd8 26. Rxd8
Bxd8 27. Nd1 Be6 28. Ne3 Be7 29. Kc1 Bf8 30. Kd2 Kd7 31. Kc3 h5 32. Nc4 g5 33.
Ne3 h4 34. Ng4 Be7 35. Kd3 Kc7 36. Kc3 Kb7 37. Kd3 b5 38. Kc3 Bc4 39. Ne3 Be6
40. Ng4 a5 41. b4 axb4+ 42. axb4 Kc7 43. Bc5 Kd7 44. Bxe7 Kxe7 45. Ne3 Kd6 46.
Kd3 c5 47. c3 cxb4 48. cxb4 Ke7 49. Kc3 Kd6 50. Kd3 Ke7 51. Kc3 Kd6 52. Kd3
1/2-1/2

[Event "Gibraltar Amateurs A"]
[Site "Gibraltar"]
[Date "2019.01.25"]
[Round "5.15"]
[White "Leimeister, Winfried"]
[Black "Greco, Joseph"]
[Result "1/2-1/2"]
[WhiteElo "1870"]
[BlackElo "1574"]
[PlyCount "35"]
[EventDate "2019.01.21"]
[EventType "swiss"]
[EventRounds "5"]
[EventCountry "GGB"]

1. e4 d5 2. exd5 Nf6 3. Nc3 Nxd5 4. Bc4 Nb6 5. Bb3 Nc6 6. Qf3 e6 7. Nge2 Bd6 8.
d4 Qf6 9. Qxf6 gxf6 10. Ne4 Be7 11. Bd2 Rg8 12. g3 Bd7 13. O-O-O Nxd4 14. Nxd4
c5 15. Nxc5 Bxc5 16. Be3 e5 17. Nf5 Bxe3+ 18. Nxe3 1/2-1/2

[Event "Gibraltar Amateurs A"]
[Site "Gibraltar"]
[Date "2019.01.25"]
[Round "5.16"]
[White "Krause, Helmut"]
[Black "Marcos Herrero, Francisco"]
[Result "0-1"]
[WhiteElo "1668"]
[BlackElo "1855"]
[PlyCount "36"]
[EventDate "2019.01.21"]
[EventType "swiss"]
[EventRounds "5"]
[EventCountry "GGB"]

1. d4 Nf6 2. Nf3 c5 3. Bf4 cxd4 4. Qxd4 Nc6 5. Qd1 Qb6 6. Bc1 d5 7. e3 e5 8. a3
Bg4 9. Be2 Bd6 10. O-O e4 11. Nfd2 Ne5 12. Nc3 O-O 13. Nb3 Bxe2 14. Qxe2 Rad8
15. Nd4 a6 16. b3 Bb8 17. Rb1 Qc7 18. Bb2 Nf3+ 0-1

[Event "Gibraltar Amateurs A"]
[Site "Gibraltar"]
[Date "2019.01.25"]
[Round "5.18"]
[White "Poggio, Freddie"]
[Black "White, Gary"]
[Result "1-0"]
[WhiteElo "1765"]
[BlackElo "1623"]
[PlyCount "109"]
[EventDate "2019.01.21"]
[EventType "swiss"]
[EventRounds "5"]
[EventCountry "GGB"]

1. Nf3 f5 2. b3 Nf6 3. Bb2 e6 4. c4 d6 5. Nc3 g6 6. e3 Bg7 7. d4 O-O 8. Bd3 Re8
9. O-O e5 10. dxe5 dxe5 11. Bc2 Nc6 12. Qxd8 Rxd8 13. Rad1 e4 14. Rxd8+ Nxd8
15. Rd1 Nf7 16. Nd4 a6 17. b4 Ne5 18. Nd5 Nxd5 19. cxd5 Nc4 20. Ba1 Bd7 21. Bb3
Nd6 22. Nc6 Be8 23. Bxg7 Kxg7 24. Nd4 Bf7 25. Rc1 Rc8 26. a4 c6 27. dxc6 Bxb3
28. Nxb3 b6 29. Nd4 Kf6 30. b5 a5 31. c7 Ke7 32. Nc6+ Kd7 33. Nb8+ Ke7 34. h3
Nb7 35. Na6 Kd7 36. Rd1+ Nd6 37. f3 exf3 38. gxf3 Ke7 39. e4 fxe4 40. fxe4 Ne8
41. Rc1 Kd6 42. Rd1+ Ke7 43. Rc1 Kd6 44. Kf2 Nxc7 45. e5+ Kd7 46. Kf3 Nd5 47.
e6+ Kd8 48. Rd1 Rc3+ 49. Ke4 Rxh3 50. Kxd5 Rc3 51. Nb8 g5 52. Nc6+ Ke8 53. Rh1
g4 54. Rxh7 Rh3 55. Rg7 1-0

[Event "Gibraltar Amateurs A"]
[Site "Gibraltar"]
[Date "2019.01.25"]
[Round "5.19"]
[White "Kuenitz, Klaus"]
[Black "Savage, Neil"]
[Result "1/2-1/2"]
[WhiteElo "1723"]
[BlackElo "1585"]
[PlyCount "49"]
[EventDate "2019.01.21"]
[EventType "swiss"]
[EventRounds "5"]
[EventCountry "GGB"]

1. d4 Nf6 2. c4 g6 3. Nc3 d5 4. Bf4 Bg7 5. e3 c5 6. dxc5 Qa5 7. Qa4+ Qxa4 8.
Nxa4 dxc4 9. Bxc4 Bd7 10. Nc3 Bc6 11. Nf3 Nbd7 12. O-O Nxc5 13. Ne5 O-O 14.
Nxc6 bxc6 15. f3 Rad8 16. Rfd1 Nfd7 17. e4 Ne5 18. Bxe5 Bxe5 19. Rxd8 Rxd8 20.
Rd1 Rxd1+ 21. Nxd1 Na4 22. b4 Nb2 23. Nxb2 Bxb2 24. b5 cxb5 25. Bxb5 1/2-1/2

[Event "Gibraltar Amateurs A"]
[Site "Gibraltar"]
[Date "2019.01.25"]
[Round "5.20"]
[White "Tkadlecek, Petr"]
[Black "Galinskyi, Mykhalo"]
[Result "1/2-1/2"]
[WhiteElo "1719"]
[BlackElo "1540"]
[PlyCount "90"]
[EventDate "2019.01.21"]
[EventType "swiss"]
[EventRounds "5"]
[EventCountry "GGB"]

1. d4 d5 2. Nf3 Nf6 3. Bf4 e6 4. e3 c5 5. c3 Nc6 6. Bd3 Bd6 7. Bg5 O-O 8. Bc2
Qc7 9. Bxf6 gxf6 10. Nh4 Ne7 11. dxc5 Bxc5 12. Qh5 Ng6 13. Nd2 Qe5 14. Qxe5
fxe5 15. Nhf3 b6 16. h4 Bd6 17. h5 Ne7 18. g4 e4 19. Nh4 Kh8 20. O-O-O Rg8 21.
Rdg1 h6 22. Rg2 Bd7 23. Rhg1 Rg7 24. f3 exf3 25. Ndxf3 Rag8 26. g5 Nf5 27. Nxf5
exf5 28. g6 f4 29. exf4 Bxf4+ 30. Kd1 fxg6 31. Bxg6 Bf5 32. Nh4 Bh3 33. Re2 Bg5
34. Nf3 Bf4 35. Nd4 Bd7 36. Ne6 Bxe6 37. Rxe6 Bg5 38. Rge1 Rd7 39. Rf1 Kg7 40.
Rc6 Rf8 41. Re1 Rf6 42. Rc8 Rf8 43. Be8 Re7 44. Rxe7+ Bxe7 45. Ra8 Kf6 1/2-1/2

[Event "Gibraltar Amateurs A"]
[Site "Gibraltar"]
[Date "2019.01.25"]
[Round "5.21"]
[White "Neumanova, Monika"]
[Black "Kearsley, Raymond J"]
[Result "1/2-1/2"]
[WhiteElo "1711"]
[BlackElo "1537"]
[PlyCount "82"]
[EventDate "2019.01.21"]
[EventType "swiss"]
[EventRounds "5"]
[EventCountry "GGB"]

1. d4 d5 2. c4 e5 3. dxe5 d4 4. Nf3 Nc6 5. g3 Nge7 6. Bg2 Ng6 7. Bg5 Qd7 8.
Nbd2 Ngxe5 9. Rc1 Qf5 10. O-O f6 11. Bf4 Bd6 12. Bxe5 fxe5 13. Ne1 O-O 14. a3
a5 15. Ne4 Be7 16. c5 a4 17. Qd3 Be6 18. e3 Rfd8 19. Qe2 Na5 20. exd4 Nb3 21.
Rc3 Nxd4 22. Qe3 Ra5 23. Nd3 c6 24. Nd2 Bf6 25. h4 Nb5 26. Be4 Qg4 27. Bf3 Qd4
28. Qxd4 Rxd4 29. Rfc1 Nxc3 30. Rxc3 Rb5 31. Be4 Bd5 32. f3 Ra5 33. Kf2 Ra8 34.
Ke3 Rd8 35. Nb4 Be6 36. Rc2 Bb3 37. Nxb3 axb3 38. Rc3 Rd1 39. Nd3 Rd7 40. Rxb3
Rg1 41. Kf2 Rd1 1/2-1/2

[Event "Gibraltar Amateurs A"]
[Site "Gibraltar"]
[Date "2019.01.25"]
[Round "5.22"]
[White "Guegan, Michel"]
[Black "Oliva Parra, Ernesto"]
[Result "1-0"]
[WhiteElo "1708"]
[BlackElo "1535"]
[PlyCount "75"]
[EventDate "2019.01.21"]
[EventType "swiss"]
[EventRounds "5"]
[EventCountry "GGB"]

1. d4 d5 2. Nf3 Nc6 3. Bf4 Bf5 4. c4 Nf6 5. Qb3 b6 6. e3 e6 7. Nc3 Be7 8. cxd5
exd5 9. Bb5 Bd7 10. Nxd5 Nxd5 11. Qxd5 Nb4 12. Bxd7+ Qxd7 13. Qxa8+ Bd8 14.
Qe4+ Be7 15. O-O O-O 16. Ne5 Qe6 17. Qf3 c5 18. a3 Nd5 19. dxc5 Bxc5 20. Nd3
Be7 21. Be5 Bd8 22. Bd4 Ne7 23. Nf4 Qh6 24. Qh5 Qd6 25. Qe5 Qh6 26. Qh5 Qd6 27.
Qg4 g6 28. Rfd1 Nf5 29. Bg7 Qc7 30. Bxf8 Kxf8 31. Rac1 Qb8 32. Nd5 Kg7 33. Qb4
Kh6 34. Qf8+ Ng7 35. Nb4 Qe5 36. Qxd8 Qxb2 37. Qh4+ Nh5 38. g4 1-0

[Event "Gibraltar Amateurs A"]
[Site "Gibraltar"]
[Date "2019.01.25"]
[Round "5.23"]
[White "Popham, Sarah"]
[Black "D`haluin, Wim"]
[Result "0-1"]
[WhiteElo "1352"]
[BlackElo "1702"]
[PlyCount "72"]
[EventDate "2019.01.21"]
[EventType "swiss"]
[EventRounds "5"]
[EventCountry "GGB"]

1. Nf3 c5 2. g3 Nc6 3. Bg2 d5 4. d3 g6 5. O-O Bg7 6. e4 dxe4 7. dxe4 Bg4 8. Nc3
Qxd1 9. Rxd1 Nd4 10. Rd3 Nxc2 11. Nb5 Rc8 12. Rb1 a6 13. Nc3 e6 14. h3 Bxf3 15.
Bxf3 Bd4 16. Bf4 e5 17. Be3 c4 18. Rd2 Nxe3 19. fxe3 Bxe3+ 20. Rf2 Ne7 21. Kf1
Bxf2 22. Kxf2 O-O 23. h4 Rcd8 24. h5 f5 25. hxg6 hxg6 26. Rh1 Rd4 27. Kg2 Rd2+
28. Kf1 Rxb2 29. Ke1 b5 30. exf5 Rxf5 31. Bg4 Rc2 32. Bxf5 Nxf5 33. Ne2 Rxe2+
34. Kxe2 Nxg3+ 35. Kf2 Nxh1+ 36. Kg2 c3 0-1

[Event "Gibraltar Amateurs A"]
[Site "Gibraltar"]
[Date "2019.01.25"]
[Round "5.24"]
[White "Butusina, Samuel"]
[Black "Ait Hammou Mohamed, Rayane"]
[Result "1-0"]
[WhiteElo "1688"]
[BlackElo "1514"]
[PlyCount "63"]
[EventDate "2019.01.21"]
[EventType "swiss"]
[EventRounds "5"]
[EventCountry "GGB"]

1. b4 e5 2. a3 d5 3. Bb2 Bd6 4. Nf3 Qe7 5. e3 Nd7 6. c4 c6 7. cxd5 cxd5 8. Nc3
Ngf6 9. Nb5 Bb8 10. d4 e4 11. Rc1 exf3 12. Rxc8+ Qd8 13. Rxd8+ Kxd8 14. gxf3 a6
15. Nc3 Bc7 16. Bh3 Nb6 17. Na4 Nc4 18. Qb3 Re8 19. Bf1 b5 20. Nc5 Bf4 21. Bxc4
dxc4 22. Qc2 g6 23. O-O Bc7 24. Rd1 Nd5 25. Bc1 a5 26. e4 axb4 27. exd5 bxa3
28. Bxa3 Rxa3 29. Qb2 Rxf3 30. Qxb5 Re7 31. Ra1 Re2 32. Qd7# 1-0